Sons de l'album "De la fontaine" de Beendo Z. - Statistiques

Statistiques générales
  • Ce quiz a été pris 105 fois
    98 depuis la dernière actualisation
  • Le résultat moyen est 9 sur 19
Statistiques - réponses
Numéro Titre % Correct
4 De la fontaine
87%
16 Jordy
66%
18 Mauvais Mélange feat. H.LA DROGUE
62%
13 Pendule
51%
8 McGregor
49%
19 X. INSPIRE DE FAITS REELS #6
49%
9 Haller feat. Zed
48%
15 T-Pain
44%
12 Différent
43%
17 Double B feat. Bianca Costa
43%
1 Garde à vue
41%
14 La Pièce
41%
5 Performance feat. Mig
39%
2 SS
39%
7 Ailleurs & chez les meilleurs
38%
10 Matin Midi Soir
38%
6 Début du mois
36%
11 Money Amor feat. Leto
36%
3 Offre/Demande
31%
Aucun quiz correspondant
Distribution des résultats
% des personnes avec chaque résultat
Percentile par nombre de réponses
Votre historique - résultats
Vous n’avez pas pris ce quiz depuis la dernière actualisation